[Event "Mitropa Cup Women 2016"]
[Site "Prague CZE"]
[Date "2016.06.26"]
[Round "8.2"]
[White "Kolaric,S"]
[Black "Gueci,Tea"]
[Result "0-1"]
[WhiteElo "2149"]
[BlackElo "2177"]

1.d4 Nf6 2.c4 c5 3.d5 e6 4.Nc3 exd5 5.cxd5 d6 6.Nf3 g6 7.g3 Bg7 8.Bg2 O-O
9.O-O a6 10.a4 Nbd7 11.Bf4 Qe7 12.Rb1 Nh5 13.Bg5 f6 14.Bd2 f5 15.Ng5 Ne5
16.Ne6 Bxe6 17.dxe6 Rab8 18.b4 Kh8 19.Bd5 Nc6 20.bxc5 dxc5 21.e4 f4 22.Bxc6 bxc6
23.Rxb8 Rxb8 24.gxf4 Qxe6 25.Qf3 Rf8 26.Ne2 Nf6 27.Ng3 Qa2 28.Be3 c4 29.Bc5 Re8
30.e5 Nd5 31.Ne4 Qb3 32.Qg4 Qd3 33.Qd7 Rg8 34.Nd6 h6 35.Nf7+ Kh7 36.e6 Nxf4
37.Qxc6 Rc8 38.Qxc8 Qf3  0-1

[Event "Mitropa Cup 2016"]
[Site "Prague CZE"]
[Date "2016.06.27"]
[Round "9.1"]
[White "Bogner,S"]
[Black "Srbis,J"]
[Result "1-0"]
[WhiteElo "2527"]
[BlackElo "2422"]

1.d4 Nf6 2.c4 c5 3.d5 e6 4.Nc3 exd5 5.cxd5 d6 6.Nf3 g6 7.Nd2 Bg7 8.e4 O-O
9.Be2 b6 10.O-O Ba6 11.Re1 Bxe2 12.Rxe2 a6 13.a4 Ng4 14.Qc2 Qh4 15.Nf3 Qh5
16.Bf4 Ne5 17.Bxe5 Bxe5 18.Nxe5 Qxe5 19.Rf1 Nd7 20.f4 Qd4+ 21.Kh1 f5 22.exf5 Rxf5
23.Re4 Qg7 24.Qe2 Rf7 25.Re6 Raf8 26.g3 g5 27.Ne4 gxf4 28.gxf4 Qd4 29.Rd1 Qxa4
30.Nxd6 Rxf4 31.Rg1+ Kh8 32.Re7 Qd4  1-0

[Event "10th Varna Closed 2016"]
[Site "Varna BUL"]
[Date "2016.06.27"]
[Round "1.4"]
[White "Smirnov,Arte"]
[Black "Dimov,Di"]
[Result "1-0"]
[WhiteElo "2416"]
[BlackElo "2255"]

1.d4 Nf6 2.Nf3 c5 3.d5 e6 4.c4 exd5 5.cxd5 d6 6.Nc3 g6 7.g3 Bg7 8.Bg2 O-O
9.O-O Re8 10.Bf4 Ne4 11.Rc1 Nxc3 12.bxc3 b5 13.a4 a6 14.Re1 Qb6 15.Ng5 Bf5
16.e4 Bc8 17.e5 dxe5 18.d6 Ra7 19.Qd5 Rd7 20.Ne4 Bb7 21.Qxc5 Qd8 22.Bg5 f6
23.Be3 h6 24.axb5 f5 25.Qc4+ Kh7 26.Nc5 axb5 27.Qxb5 Bxg2 28.Nxd7 Bc6 29.Qxb8 Qa5
30.Qc7  1-0

[Event "50th Ilmar Raud Mem 2016"]
[Site "Viljandi EST"]
[Date "2016.06.27"]
[Round "1.20"]
[White "Aga,Rihard"]
[Black "Jezov,Roman"]
[Result "0-1"]
[WhiteElo "1729"]
[BlackElo "2304"]

1.d4 Nf6 2.c4 e6 3.Nf3 c5 4.d5 exd5 5.cxd5 d6 6.Nc3 g6 7.e4 Bg7 8.Bd3 O-O
9.O-O Re8 10.h3 Nh5 11.Re1 Nd7 12.Be3 Ne5 13.Nxe5 Bxe5 14.Qd2 a6 15.a4 Qh4
16.Bg5 Bf4 17.Qxf4 Qxf4 18.Bxf4 Nxf4 19.Bc2 b6 20.h4 c4 21.g3 Nh5 22.b3 cxb3
23.Bxb3 Nf6 24.f3 Nd7 25.Ne2 Nc5 26.Nd4 Bd7 27.Reb1 f5 28.exf5 gxf5 29.Bc2 Re5
30.Rxb6 Rxd5 31.Nc6 Re8 32.Nb4 Rd2 33.Kf1 Be6 34.Rd1 Bc4+ 35.Kg1 Rxd1+ 36.Bxd1 Re1+
37.Kf2 Rxd1  0-1

[Event "ch-TUR Youth 2016"]
[Site "Canakkale TUR"]
[Date "2016.06.28"]
[Round "3.4"]
[White "Oner,Oguz"]
[Black "Sari,Yasin"]
[Result "1-0"]
[WhiteElo "1837"]
[BlackElo "2120"]

1.d4 Nf6 2.c4 c5 3.d5 e6 4.Nc3 exd5 5.cxd5 d6 6.Nf3 g6 7.Nd2 Nbd7 8.e4 a6
9.a4 Bg7 10.Be2 O-O 11.O-O Re8 12.Ra3 Nf8 13.f4 Rb8 14.h3 Bd7 15.a5 c4 16.e5 dxe5
17.fxe5 Rxe5 18.Nxc4 Re8 19.Bf4 b5 20.axb6 Bb5 21.Bc7 Qe7 22.d6 Qe6 23.Nxb5 axb5
24.Re3 Qc8 25.Rxe8 Qxe8 26.Na3 Qe3+ 27.Kh1 Ne4 28.Rf3 Nf2+ 29.Rxf2 Qxf2 30.Bxb8 Nd7
31.Bc7 b4 32.Nc4 Bd4 33.b7 Ba7 34.Bf3 b3 35.Bc6 Qc2 36.Qf1  1-0

[Event "24th Montcada Open 2016"]
[Site "Montcada i Reixac ESP"]
[Date "2016.06.28"]
[Round "4.1"]
[White "Cori,J"]
[Black "Cordova,E"]
[Result "1-0"]
[WhiteElo "2602"]
[BlackElo "2602"]

1.d4 Nf6 2.Nf3 e6 3.c4 c5 4.d5 exd5 5.cxd5 d6 6.Nc3 g6 7.Bf4 a6 8.a4 Bg7
9.e3 O-O 10.h3 Re8 11.Be2 Ne4 12.Nxe4 Rxe4 13.Nd2 Rb4 14.O-O Qf6 15.Bd3 Bf5
16.Nc4 Nd7 17.Ra3 Be4 18.Be2 Nb6 19.Nxb6 Rxb6 20.Rb3 Rxb3 21.Qxb3 Qxb2 22.Qxb2 Bxb2
23.Bxd6 Rd8 24.Bxc5 Rxd5 25.Bb6 Rd2 26.Bg4 f5 27.Rd1 Bc3 28.Rxd2 Bxd2 29.Bd1 Kf7
30.Bb3+ Ke7 31.f3 Bd3 32.Kf2 Kd6 33.a5 h6 34.Bg8 g5 35.Bh7 h5 36.g4 hxg4
37.hxg4 Ke6 38.Bg8+ Kd6 39.Bh7 Ke6 40.Bd8 Bc2 41.Ke2 Bc3 42.Bb6 Bb4 43.f4 Be7
44.Bg8+ Kd6 45.Bh7 Ke6 46.Kf2 Be4 47.Kg3 Bd6 48.Bd8 Bc5 49.Bxg5 Bxe3 50.Bd8 Bd2
51.g5 Be1+ 52.Kh3 Kf7 53.Bf6 Bxa5 54.Be5 Bb4 55.g6+ Ke7 56.g7 Bd5 57.g8=Q Bxg8
58.Bxg8 Be1 59.Kg2 b5 60.Bd5 a5 61.Kf1 Bh4 62.Bc6 b4 63.Ba4 Ke6 64.Bb3+ Kd7
65.Ke2 Kc6 66.Kd3 Kb5 67.Be6 Bd8 68.Bxf5 b3 69.Bd7+ Kc5 70.Kc3 Kd5 71.Kxb3 Ke4
72.Bb8  1-0

[Event "24th Montcada Open 2016"]
[Site "Montcada i Reixac ESP"]
[Date "2016.06.28"]
[Round "4.5"]
[White "Debashis,D"]
[Black "Cruz,Cr"]
[Result "1/2-1/2"]
[WhiteElo "2459"]
[BlackElo "2541"]

1.d4 Nf6 2.c4 e6 3.Nc3 c5 4.d5 exd5 5.cxd5 d6 6.Nf3 g6 7.Nd2 Bg7 8.e4 O-O
9.Be2 Re8 10.O-O Nbd7 11.a4 Ne5 12.Qc2 g5 13.Re1 g4 14.Ra3 Nh5 15.Nd1 Nf4
16.Bb5 Rf8 17.Ne3 Qg5 18.Bf1 Qg6 19.Ndc4 Nxc4 20.Qxc4 Re8 21.Nf5 Be5 22.g3 Nh5
23.Nh4 Qg7 24.b4 cxb4 25.Qxb4 Re7 26.Bd2 Qf6 27.Bc3 b6 28.Rc1 Bd7 29.Bb5 Rc8
30.Rc2 Bxb5 31.axb5 Rc5 32.Nf5 Rec7 33.Bxe5 Qxe5 34.Rxc5 dxc5 35.Qd2 f6 36.d6 Rd7
37.Qa2+ Kf8 38.Nh6 Kg7 39.Nf5+ Kg6 40.Qg8+ Ng7 41.Re3 Qe6 42.Qa8 Nxf5 43.exf5+ Qxf5
44.Qe8+ Kh6 45.Re6 Rd8 46.Qxd8 Qxe6 47.Qe7 Qd5 48.Qxf6+ Kh5 49.h4 gxh3 50.g4+ Kxg4
51.Qg7+ Kf5 52.Qxh7+ Ke5  1/2-1/2

[Event "Nis Open 2016"]
[Site "Nis SRB"]
[Date "2016.06.28"]
[Round "1.3"]
[White "Miljkovic,Mir1"]
[Black "Stefanov,Emil"]
[Result "1-0"]
[WhiteElo "2453"]
[BlackElo "2205"]

1.d4 Nf6 2.c4 c5 3.d5 e6 4.Nc3 exd5 5.cxd5 d6 6.Nf3 a6 7.a4 g6 8.Bf4 Bg7
9.h3 O-O 10.e3 Qe7 11.Nd2 Nbd7 12.Be2 Ne8 13.O-O Ne5 14.Re1 f5 15.Bg3 Bd7
16.Qb3 Nc7 17.Qb6 Rfc8 18.e4 Ne8 19.f4 Nf7 20.Bf3 Bd4+ 21.Kh1 fxe4 22.Ncxe4 Bf5
23.Nc4 Qd8 24.Re2 Bxe4 25.Rxe4 Nf6 26.Re6 Nd7 27.Qxd8+ Rxd8 28.Bh4 Nf8 29.Bxd8 Nxe6
30.dxe6 Nxd8 31.e7 Nf7 32.Re1 Re8 33.Bd5  1-0

[Event "24th Montcada Open 2016"]
[Site "Montcada i Reixac ESP"]
[Date "2016.06.29"]
[Round "5.8"]
[White "Cruz,Cr"]
[Black "Munoz Pantoja,M"]
[Result "1/2-1/2"]
[WhiteElo "2541"]
[BlackElo "2454"]

1.d4 c5 2.d5 Nf6 3.c4 e6 4.Nc3 exd5 5.cxd5 d6 6.Nf3 a6 7.a4 g6 8.Nd2 Nbd7
9.Nc4 Nb6 10.Na3 Bd7 11.g3 Bg7 12.Bg2 O-O 13.O-O Ng4 14.a5 Nc8 15.h3 Nf6
16.Nc4 Bb5 17.Qb3 Bxc4 18.Qxc4 b5 19.axb6 Qxb6 20.Ra2 Qb4 21.Qxb4 cxb4 22.Nb5 b3
23.Ra3 Nd7 24.Be3 Rb8 25.Nd4 Nc5 26.Rb1 Re8 27.Nc6 Rb6 28.Bf3 Rxe3 29.fxe3 Rb5
30.Nd4 Rb4 31.Nc6 Rb5 32.Nd4 Rb4 33.Nc6  1/2-1/2

[Event "24th Montcada Open 2016"]
[Site "Montcada i Reixac ESP"]
[Date "2016.07.01"]
[Round "7.16"]
[White "Olivares,F"]
[Black "Asis Gargatagli,H"]
[Result "0-1"]
[WhiteElo "2297"]
[BlackElo "2489"]

1.d4 Nf6 2.c4 c5 3.d5 e6 4.Nc3 exd5 5.cxd5 d6 6.Nf3 g6 7.g3 Bg7 8.Bg2 O-O
9.O-O Nbd7 10.Bf4 Qe7 11.Re1 Ng4 12.e4 Nge5 13.h3 a6 14.a4 Rb8 15.Bf1 Nxf3+
16.Qxf3 Ne5 17.Qd1 g5 18.Bc1 Kh8 19.Ra3 f5 20.exf5 Nf3+ 21.Qxf3 Qxe1 22.Qe3 Qxe3
23.Bxe3 Bxf5 24.Bxg5 Rbe8 25.Be3 Bd4 26.Nd1 Bc2 27.Ra1 Bb3 28.Bg2 Re5 29.Kh2 Bxd5
30.Bxd4 cxd4 31.f4  0-1

[Event "50th Ilmar Raud Mem 2016"]
[Site "Viljandi EST"]
[Date "2016.07.01"]
[Round "7.11"]
[White "Abozenko,G"]
[Black "Jezov,Roman"]
[Result "1/2-1/2"]
[WhiteElo "2023"]
[BlackElo "2304"]

1.d4 Nf6 2.c4 c5 3.d5 e6 4.Nc3 exd5 5.cxd5 d6 6.Nf3 g6 7.h3 Bg7 8.Bf4 O-O
9.e3 Ne8 10.a4 Nd7 11.Qb3 a6 12.Be2 Ne5 13.Bxe5 dxe5 14.e4 Nd6 15.Qa3 Qa5
16.Nd2 Qb4 17.Qxb4 cxb4 18.Na2 a5 19.f3 Bd7 20.b3 b5 21.axb5 Bxb5 22.Nc1 Bh6
23.Bxb5 Nxb5 24.Ne2 Na3 25.Ra2 Be3 26.Nc1 Rfc8 27.Ke2 Rc3 28.Nd3 Bd4 29.Rc1 Rac8
30.Rxc3 Rxc3 31.Nc4 Nxc4 32.bxc4 Bb6 33.c5 b3 34.Rb2 Bxc5 35.Nxc5 Rxc5 36.Rxb3 Kf8
37.Kd3 Ke7 38.g3 g5 39.Ke3 a4 40.Ra3 Rc4 41.Kd3 Rd4+ 42.Kc2 h5 43.g4 h4 44.Rc3 Rb4
45.Rc7+ Ke8 46.Ra7 Rb3 47.Ra8+ Kd7 48.Ra7+ Ke8 49.Ra8+ Kd7 50.Ra7+  1/2-1/2

[Event "China Zonal 3.5 2016"]
[Site "Shenzhen CHN"]
[Date "2016.07.02"]
[Round "7.16"]
[White "Wei,Yuyang"]
[Black "Liu,Zhaoqi"]
[Result "0-1"]
[WhiteElo "2096"]
[BlackElo "2168"]

1.d4 Nf6 2.c4 c5 3.d5 e6 4.Nc3 exd5 5.cxd5 d6 6.Nf3 g6 7.Nd2 Bg7 8.e4 O-O
9.Be2 a6 10.a4 Re8 11.O-O Nbd7 12.Re1 Qc7 13.Qc2 Rb8 14.h3 h6 15.Ra3 g5 16.a5 Ne5
17.Nf1 Ng6 18.Ne3 Nf4 19.Nc4 Nxe2+ 20.Rxe2 Bd7 21.Rb3 Nh5 22.g4 Nf4 23.Bxf4 gxf4
24.Rb6 Be5 25.Nxe5 dxe5 26.d6 Qd8 27.Nd5 Qh4 28.Qc3 Kh7 29.Ne7 Bxg4 30.hxg4 Qxg4+
31.Kf1 f3 32.Qxe5 fxe2+ 33.Ke1 Qe6 34.Qf4 Rg8 35.Nd5 f5 36.Qxf5+ Qxf5 37.exf5 Rgf8
38.Ne3 Rf7 39.Kxe2 Kg7 40.Kf3 h5 41.Kf4 h4 42.Ng4 h3 43.Rb3 Rh8 44.Kg3 Rxf5
45.Rxb7+ Kg6 46.f4 Rd5 47.d7 Rd3+ 48.Kh2 Kf5 49.Nf2 Rd2 50.Kg3 h2 51.Nh1 Rd1
52.d8=Q Rdxd8 53.Rf7+ Kg6 54.Re7 Rd1 55.Nf2 Rg1+ 56.Kf3 Rf1  0-1

[Event "Visma GM 2016"]
[Site "Vaxjo SWE"]
[Date "2016.07.02"]
[Round "7.5"]
[White "Kunin,V"]
[Black "Johansson,Linus"]
[Result "1/2-1/2"]
[WhiteElo "2582"]
[BlackElo "2425"]

1.d4 Nf6 2.c4 e6 3.Nf3 c5 4.d5 d6 5.Nc3 exd5 6.cxd5 g6 7.Bf4 Bg7 8.e3 O-O
9.h3 Re8 10.Be2 Na6 11.O-O Nc7 12.Rc1 a6 13.a4 Rb8 14.a5 b5 15.axb6 Rxb6
16.b3 Nb5 17.Na4 Rb7 18.Bg5 h6 19.Bxf6 Qxf6 20.Nd2 Qg5 21.Nf3 Qf6 22.Nh2 h5
23.Nf3 Bd7 24.Nd2 Qg5 25.Kh1 Nc7 26.Nc4 Rb4 27.Nc3 Qe7 28.Na2 Rbb8 29.Na5 Qh4
30.Rc4 Re4 31.Rxe4 Qxe4 32.Bf3 Qh4 33.Nc6 Re8 34.Kg1 Qg5 35.Kh2 Bf5 36.Nc1 Nb5
37.Ne2 Qf6 38.Qd2 Qb2 39.Qxb2 Bxb2 40.Ng3 Bc2 41.Bd1 Bd3 42.Be2 Bc2 43.Bd1 Bd3
44.Be2 Bc2  1/2-1/2

[Event "50th Ilmar Raud Mem 2016"]
[Site "Viljandi EST"]
[Date "2016.07.02"]
[Round "8.14"]
[White "Gabovits,Ilia"]
[Black "Luukkonen,T"]
[Result "0-1"]
[WhiteElo "1931"]
[BlackElo "2377"]

1.d4 Nf6 2.c4 c5 3.d5 e6 4.Nc3 exd5 5.cxd5 d6 6.Nf3 g6 7.h3 a6 8.a4 Qe7 9.Bf4 Bg7
10.Nd2 O-O 11.e3 Nbd7 12.Nc4 Ne8 13.Be2 b6 14.Ra3 Rb8 15.Rb3 f5 16.Qd2 h5
17.h4 Kh7 18.g3 Be5 19.O-O Bxf4 20.exf4 Nc7 21.Na3 Nf6 22.Re1 Re8 23.Nc2 Qf8
24.Bf3 Bd7 25.Rxe8 Qxe8 26.a5 b5 27.Nd1 Qf7 28.Nde3 Re8 29.Rd3 Bc8 30.b4 c4
31.Rd4 Bb7 32.Na3 Ne4 33.Qd1 Nxg3 34.Nexc4 bxc4 35.fxg3 Nb5 36.Nxb5 axb5
37.Kf2 Rc8 38.Rd2 Qf6 39.Re2 c3 40.Re6 Qg7 41.Re2 Rc4 42.Bxh5 gxh5 43.Re5 Qf7  0-1

[Event "V4 Stiavnica Open 2016"]
[Site "Banska Stiavnica SVK"]
[Date "2016.07.03"]
[Round "2.6"]
[White "Zpevak,P"]
[Black "Kovacs,E"]
[Result "1/2-1/2"]
[WhiteElo "2357"]
[BlackElo "2101"]

1.d4 Nf6 2.Nf3 e6 3.c4 c5 4.d5 exd5 5.cxd5 d6 6.Nc3 g6 7.Bf4 Nh5 8.Bg5 f6
9.Bd2 a6 10.a4 Bg4 11.e4 Nd7 12.Be2 Ne5 13.O-O Be7 14.Bh6 Nf7 15.Be3 Ng7
16.Nd2 Bd7 17.Nc4 Ne5 18.f4 Nxc4 19.Bxc4 O-O 20.Qd3 Kh8 21.f5 Qe8 22.g4 Rb8
23.a5 Rg8 24.Kh1 g5 25.h4 gxh4 26.Bf2 b5 27.axb6 Rxb6 28.Qd2 Bb5 29.Bxb5 axb5
30.Rae1 Bd8 31.e5 dxe5 32.Ne4 Qf7 33.Bxc5 Ra6 34.Rf2 Ne8 35.Rg1 Ra4 36.b4 Ra3
37.Rh2 h3 38.Nf2 Nc7 39.Rd1 Na6 40.Qb2 Rf3 41.Qe2 Rf4 42.Rxh3 Nxb4 43.Qxb5 Nc2
44.Rd2 Nd4 45.Bxd4 exd4 46.Rhd3  1/2-1/2

[Event "ch-TUR Youth 2016"]
[Site "Canakkale TUR"]
[Date "2016.07.03"]
[Round "9.11"]
[White "Oner,Oguz"]
[Black "Erece,Ece Alkim"]
[Result "0-1"]
[WhiteElo "1837"]
[BlackElo "1775"]

1.d4 Nf6 2.c4 c5 3.d5 e6 4.Nc3 exd5 5.cxd5 d6 6.Nf3 g6 7.Nd2 Bg7 8.e4 O-O
9.Be2 Nbd7 10.O-O Re8 11.a4 a6 12.Ra3 Ne5 13.h3 g5 14.Re1 Ng6 15.Qc2 b6 16.Nf1 h6
17.Ng3 Nf4 18.Bf1 N6xd5 19.Nxd5 Nxd5 20.Bd2 Nc7 21.Nh5 Bd4 22.h4 Bg4 23.Be2 Bxe2
24.Rxe2 Ne6 25.Rg3 Kf8 26.hxg5 hxg5 27.Qc1 f6 28.Kf1 Ke7 29.Rf3 Rh8 30.g4 Kd7
31.Qc4 Be5 32.Bc3 Rf8 33.Rd2 Nd4 34.Bxd4 Bxd4 35.Ng7 Qe7 36.Nf5 Qxe4 37.Nxd4 cxd4
38.Rh3 Rac8 39.Rh7+ Qxh7  0-1

[Event "Visma IMB 2016"]
[Site "Vaxjo SWE"]
[Date "2016.07.03"]
[Round "8.4"]
[White "Lindahl,E"]
[Black "Hedman,E"]
[Result "0-1"]
[WhiteElo "2215"]
[BlackElo "2348"]

1.d4 Nf6 2.c4 c5 3.d5 e6 4.Nc3 exd5 5.cxd5 d6 6.Nf3 g6 7.Bf4 a6 8.a4 Bg7
9.h3 O-O 10.e3 Qe7 11.Be2 Nbd7 12.O-O b6 13.Re1 Ne8 14.Qc2 Nc7 15.Rad1 Re8
16.Bf1 Rb8 17.b4 cxb4 18.Na2 Nc5 19.Nxb4 Bd7 20.Nc6 Bxc6 21.dxc6 Red8 22.a5 N7e6
23.Bg3 b5 24.Nd4 Rbc8 25.Be2 Qc7 26.Bf3 Qxa5 27.Bh4 Re8 28.Nb3 Qa4 29.g4 Qxb3
30.Qxb3 Nxb3 31.Rxd6 Be5 32.Rd7 g5 33.Bxg5 Nxg5 34.Bd5 Rc7 35.h4 Nc5 36.Rxc7 Bxc7
37.hxg5 Rd8 38.e4 Kg7 39.Re3 Ne6 40.Rd3 Nf4  0-1

[Event "VMCG Open A 2016"]
[Site "Lueneburg GER"]
[Date "2016.07.04"]
[Round "5.3"]
[White "Simantsev,M"]
[Black "Den Hartog,Marijn"]
[Result "1-0"]
[WhiteElo "2456"]
[BlackElo "2220"]

1.d4 Nf6 2.c4 e6 3.Nf3 c5 4.d5 d6 5.Nc3 exd5 6.cxd5 g6 7.Bf4 a6 8.a4 Bg7
9.h3 O-O 10.e3 Ne8 11.Be2 Nd7 12.O-O Ne5 13.Nd2 f5 14.Bh2 Rb8 15.Qc2 b6 16.Rab1 Nc7
17.b4 cxb4 18.Rxb4 Nf7 19.Rb3 Qf6 20.Rc1 Bd7 21.Qb1 Rfc8 22.Nc4 b5 23.axb5 Nxb5
24.Nxb5 Rxb5 25.Nd2 Ra5 26.Rxc8+ Bxc8 27.Nf1 Qd8 28.Rb8 Qc7 29.Qb3 Ra1 30.Bg3 a5
31.Ba6 a4 32.Qb4 a3 33.Rxc8+ Qxc8 34.Bxc8 Rxf1+ 35.Kxf1 a2 36.Qa4 a1=Q+ 37.Qxa1 Bxa1
38.Be6 Be5 39.Bxe5 dxe5 40.e4  1-0

[Event "Nis Open 2016"]
[Site "Nis SRB"]
[Date "2016.07.04"]
[Round "7.1"]
[White "Miljkovic,Mir1"]
[Black "Gajic,Ml"]
[Result "1/2-1/2"]
[WhiteElo "2453"]
[BlackElo "2295"]

1.d4 Nf6 2.c4 c5 3.d5 e6 4.Nc3 exd5 5.cxd5 d6 6.Nf3 g6 7.Bf4 a6 8.a4 Bg7
9.e3 O-O 10.h3 Ne8 11.Nd2 Qe7 12.Be2 Nd7 13.O-O Rb8 14.Nc4 Ne5 15.Nb6 Nc7
16.Qc2 Na8 17.Nxc8 Rfxc8 18.Bg3 c4 19.a5 b5 20.axb6 Rxb6 21.Ra2 Qb7 22.Rd1 Rb4
23.Ne4 Qb6 24.Rd4 Rb8 25.Bxe5 Bxe5 26.Rxc4 Rxc4 27.Bxc4 Nc7 28.b3 a5 29.Qd2 Ra8
30.Qd3 Na6 31.Bxa6 Rxa6 32.Nd2 Bf6 33.Ra4 Ra7 34.g3 Qc7 35.Rc4 Qd7 36.Kg2 a4
37.bxa4 Rxa4 38.Ne4 Be7 39.Qc2 Rxc4 40.Qxc4 Qf5 41.Nd2 h5 42.Nf3 Bf8 43.Ng1 Qe5
44.Ne2 Qf5 45.Nc3 Qc2 46.Qb4 Qd2 47.Qd4 Qxd4 48.exd4 Kg7 49.Kf3 Kf6 50.Ke4 Bh6
51.Kd3 Ke7 52.Kc4 Bd2 53.Nd1 Be1 54.Kd3 Kd7 55.Ke2 Ba5 56.f3 Ke7 57.g4 hxg4
58.fxg4 f5 59.gxf5 gxf5 60.Ne3 Kf6 61.Nc4 Bc3 62.Ke3 Ke7 63.Kf4 Kf6 64.Nxd6 Bxd4
65.Nxf5 Be5+ 66.Ke4 Bh2 67.Nd4 Bb8 68.Ne6 Bd6 69.Nd4 Kg5 70.Nf3+ Kf6 71.Ne1 Bg3
72.Ng2 Bd6 73.Kd4 Kf5 74.Kc4 Ke4 75.Nh4 Ba3 76.Ng2 Bd6 77.h4 Bf8 78.Ne1 Kf4
79.Kb5 Kg3 80.h5 Kh4 81.h6 Bxh6 82.d6 Kg4 83.d7 Bg5 84.Nc2 Kf5 85.Kc6 Bd8
86.Kd6 Kf6 87.Nd4 Be7+ 88.Kc7 Kf7 89.Nc6 Bh4 90.Ne5+ Ke6 91.Ng6 Bf6 92.Kc6 Bd8
93.Nf4+ Kf5 94.Nd3 Ke6 95.Nc5+ Kf7 96.Ne4 Ke6 97.Nc5+ Kf7 98.Kb7 Bh4 99.Kc8 Bg5
100.Ne4 Bh4 101.Kc7 Ke6 102.Nd6 Be7 103.Nb5 Bh4 104.Nd4+ Kf7 105.Nf5 Bf6
106.Kd6 Bd8 107.Nh6+ Kg6 108.Ng4 Kf7 109.Ne5+ Kf8 110.Ke6 Kg7 111.Nc6 Bc7
112.Ke7 Bb6 113.Nb4 Kg8 114.Nd5 Ba5 115.Nf4 Kg7 116.Ne6+ Kg8 117.Nd4 Bc7
118.Nf5 Ba5 119.Ke8 Bc7 120.Nd4 Ba5 121.Nc6 Bc7 122.Ne7+ Kg7 123.Nd5 Ba5
124.Ke7 Kg8 125.Nf4 Bc7 126.Ne6 Ba5 127.Nc5 Bc7 128.Nb7 Kg7 129.Ke6 Kf8 130.Kd5 Bd8
131.Ke6 Bh4 132.Na5 Bd8 133.Nc6  1/2-1/2

[Event "China Zonal 3.5 2016"]
[Site "Shenzhen CHN"]
[Date "2016.07.04"]
[Round "9.19"]
[White "Zuo,Yifan"]
[Black "Deng,Tianle"]
[Result "1/2-1/2"]
[WhiteElo "1823"]
[BlackElo "1865"]

1.d4 Nf6 2.c4 e6 3.Nf3 c5 4.d5 exd5 5.cxd5 d6 6.Nc3 g6 7.h3 Bg7 8.e4 O-O
9.Bd3 b5 10.Nxb5 Re8 11.O-O Nxe4 12.Re1 a6 13.Na3 Nf6 14.Bg5 Rxe1+ 15.Qxe1 Bb7
16.Rd1 Bxd5 17.Qe3 Nbd7 18.Bc4 Bxc4 19.Nxc4 d5 20.Bxf6 Nxf6 21.Qxc5 Rc8 22.Qb6 Qxb6
23.Nxb6 Rc2 24.Nxd5 Rxb2 25.Ne7+ Kf8 26.Nc6 Bh6 27.a4 Ne4 28.Nfe5 Ra2 29.a5 Bf4
30.f3 Be3+ 31.Kh2 Nc3 32.Rd8+ Kg7 33.Nd3 Ne2 34.Re8 Bf4+ 35.Nxf4 Nxf4 36.Kg3 g5
37.Kh2 Rxg2+ 38.Kh1 Rc2 39.Nb4 Rc5 40.h4 Rxa5 41.hxg5 Ne6 42.Ra8 Ra1+ 43.Kg2 a5
44.Nc6 a4 45.Ne7 f6 46.gxf6+ Kxf6 47.Nd5+ Kg5 48.Nc3 Nf4+ 49.Kg3 Nh5+ 50.Kg2 a3
51.Ra5+ Kh4 52.Ra4+ Kg5 53.Ra5+ Kg6 54.Ra6+ Kf7 55.Nb5 Nf4+ 56.Kg3 Ne2+ 57.Kg4 a2
58.Kf5 Rb1 59.Nd6+ Ke7 60.Rxa2 Ng3+  1/2-1/2

[Event "44th TCh-GRE 2016"]
[Site "Achaea GRE"]
[Date "2016.07.06"]
[Round "2.1"]
[White "Hrysogelou,Athanasia-Panagiota"]
[Black "Petraki,Argiro"]
[Result "1-0"]
[WhiteElo "1774"]
[BlackElo "1471"]

1.d4 Nf6 2.c4 e6 3.Nf3 c5 4.d5 exd5 5.cxd5 d6 6.Nc3 g6 7.e4 Bg4 8.Be2 Bg7
9.h3 Bxf3 10.Bxf3 O-O 11.O-O Nbd7 12.Qc2 a6 13.a4 Re8 14.Bf4 Qe7 15.Rae1 Rac8
16.b3 c4 17.b4 a5 18.Nb5 Ne5 19.Bxe5 Qxe5 20.bxa5 Nd7 21.Bg4 Qe7 22.f4 Ra8
23.Nc7 Rxa5 24.Nxe8 Qxe8 25.Bxd7 Qxd7 26.Qxc4 Rxa4 27.Qb3 b5 28.e5 b4 29.e6 fxe6
30.dxe6 Qe8 31.e7+ Kh8 32.Qxa4  1-0

[Event "44th TCh-GRE 2016"]
[Site "Achaea GRE"]
[Date "2016.07.06"]
[Round "2.1"]
[White "Katopodis,Dimitrios"]
[Black "Fidrilakis,Stavros"]
[Result "1/2-1/2"]
[WhiteElo "2098"]
[BlackElo "1919"]

1.d4 Nf6 2.Nf3 c5 3.d5 e6 4.c4 exd5 5.cxd5 d6 6.Nc3 g6 7.Bf4 a6 8.a4 Bg7
9.h3 O-O 10.e3 Qe7 11.Nd2 Nbd7 12.Be2 Rb8 13.O-O Ne8 14.Qc2 b6 15.Rad1 Nc7
16.Nce4 Ne5 17.Nxd6 Nxd5 18.Nxc8 Rbxc8 19.Qe4 Nb4 20.Bxe5 Qxe5 21.Qxe5 Bxe5
22.Nc4 Bc7 23.Rd7 Rfd8 24.Rfd1 Kf8 25.Rxd8+ Rxd8 26.Rxd8+ Bxd8 27.Ne5 Bc7
28.Nd3 a5 29.Nxb4 cxb4 30.b3 Ke7  1/2-1/2

[Event "44th TCh-GRE 2016"]
[Site "Achaea GRE"]
[Date "2016.07.06"]
[Round "3.9"]
[White "Lekic,Du"]
[Black "Darmarakis,M"]
[Result "1-0"]
[WhiteElo "2374"]
[BlackElo "2238"]

1.d4 Nf6 2.c4 c5 3.d5 e6 4.Nc3 exd5 5.cxd5 d6 6.Nf3 g6 7.Bf4 a6 8.a4 Bg7
9.h3 O-O 10.e3 Ne8 11.Be2 Nd7 12.O-O Rb8 13.Qc2 Qe7 14.Rab1 Ne5 15.b4 Bf5
16.e4 Nxf3+ 17.Bxf3 cxb4 18.Ne2 Bd7 19.Rxb4 b5 20.axb5 Rc8 21.Qa2 Bxb5 22.Rd1 Be5
23.Be3 Nf6 24.Nd4 Bxd4 25.Rdxd4 Nd7 26.g3 Rc3 27.Be2 Ne5 28.Kg2 Rfc8 29.Bxb5 axb5
30.Rxb5 Rc2 31.Rb2 Nd3 32.Rxc2 Ne1+ 33.Kh1 Rxc2 34.Qa8+ Kg7 35.Qa1 Qf6 36.Qxe1 Qf3+
37.Kg1 Re2 38.Qc3 Kg8 39.Rc4  1-0

[Event "44th TCh-GRE 2016"]
[Site "Achaea GRE"]
[Date "2016.07.06"]
[Round "3.3"]
[White "Papathanasiou,E"]
[Black "Drakaki,A"]
[Result "0-1"]
[WhiteElo "1963"]
[BlackElo "1882"]

1.d4 Nf6 2.c4 e6 3.Nf3 c5 4.d5 exd5 5.cxd5 d6 6.Nc3 g6 7.Bg5 h6 8.Bh4 g5
9.Bg3 Nh5 10.e3 Nxg3 11.hxg3 Bg7 12.Qc2 f5 13.Be2 O-O 14.Nd2 Nd7 15.Nc4 Nb6
16.Nxb6 Qxb6 17.Rb1 a6 18.a4 Bd7 19.Kf1 Rae8 20.Bd3 Qb4 21.Ra1 c4 22.Be2 Qc5
23.a5 Re7 24.Ra2 Qb4 25.Qd2 Rc8 26.Kg1 Rc5 27.Ne4 Qxd2 28.Nxd2 Bb5 29.Kh2 Re5
30.Rc1 c3 31.Nf3 cxb2 32.Rb1 Bxe2 33.Nxe5 Bxe5  0-1

[Event "Nis Open 2016"]
[Site "Nis SRB"]
[Date "2016.07.06"]
[Round "9.3"]
[White "Maksimovic,Br"]
[Black "Gajic,Ml"]
[Result "1-0"]
[WhiteElo "2329"]
[BlackElo "2295"]

1.d4 Nf6 2.c4 c5 3.d5 e6 4.Nc3 exd5 5.cxd5 d6 6.Nf3 g6 7.Bf4 Bg7 8.Qa4+ Bd7
9.Qb3 b5 10.Bxd6 c4 11.Qd1 Bf5 12.Be5 Nbd7 13.Bd4 b4 14.e4 bxc3 15.exf5 cxb2
16.Qe2+ Kf8 17.Qxb2 Qa5+ 18.Qd2 Re8+ 19.Be2 Qxd2+ 20.Kxd2 c3+ 21.Kd3 Nxd5
22.Bd1 Bxd4 23.Kxd4 N7f6 24.Bb3 Re4+ 25.Kd3 Nb4+ 26.Kxc3 Kg7 27.Rad1 Rc8+
28.Kb2 Re2+ 29.Rd2 Rxf2 30.Rxf2 Nd3+ 31.Ka3 Nxf2 32.Re1 Rc7 33.fxg6 hxg6
34.Ng5 Nd3 35.Re3 Nc5 36.Rc3 Ng4 37.Nxf7 Nxh2 38.Ng5 Kh6 39.Ne4  1-0

[Event "44th TCh-GRE 2016"]
[Site "Achaea GRE"]
[Date "2016.07.07"]
[Round "4.6"]
[White "Leniart,A"]
[Black "Yilmaz,M"]
[Result "1/2-1/2"]
[WhiteElo "2484"]
[BlackElo "2622"]

1.d4 Nf6 2.c4 e6 3.Nc3 c5 4.d5 exd5 5.cxd5 d6 6.Nf3 g6 7.Bf4 a6 8.Nd2 b5
9.a4 Nh5 10.Be3 b4 11.Nce4 f5 12.g4 Nf6 13.gxf5 Nxe4 14.Nxe4 Bxf5 15.Bg5 Be7
16.Bxe7 Qxe7 17.Ng3 Be4 18.Rg1 Qe5 19.Qd2 Bxd5 20.e4 Bb3 21.f4 Qe6 22.f5 Qe5
23.Qd3 c4 24.Qd5 Qxd5 25.exd5 Nd7 26.Ne4 Ne5 27.Rg3 Kd7 28.f6 Bc2 29.Bh3+ Kc7
30.Ng5 c3 31.Ra2 Bb1 32.Ra1 Bc2 33.Ra2 Nd3+ 34.Rxd3 Bxd3 35.bxc3 b3 36.Rf2 Bc4
37.Ne6+ Kb6 38.f7 Ka5 39.Kd1 Rhf8 40.Kc1 Bxd5 41.Kb2 Bxe6 42.Bxe6 Kxa4 43.h4 Kb5
44.h5 gxh5 45.Rf5+ Kb6 46.Rxh5 Rh8 47.Bd7 Raf8 48.Be8 h6 49.Kxb3 Kc7 50.Kc4 Kd8
51.Kd5 Ke7 52.Rh1 h5 53.Re1+ Kd8 54.Re6 a5 55.Rxd6+ Kc7 56.Rd7+ Kc8 57.Ra7 h4
58.Bc6 h3 59.Kc5 h2 60.Kb6 Kd8  1/2-1/2

[Event "VMCG Open A 2016"]
[Site "Lueneburg GER"]
[Date "2016.07.07"]
[Round "8.27"]
[White "Nixdorf,A"]
[Black "Dorweiler,Roger Paul"]
[Result "1/2-1/2"]
[WhiteElo "1970"]
[BlackElo "1870"]

1.d4 Nf6 2.Nf3 e6 3.c4 c5 4.d5 exd5 5.cxd5 d6 6.Nc3 g6 7.e4 Bg7 8.Be2 O-O
9.Bf4 a6 10.a4 Re8 11.Nd2 Nbd7 12.Bxd6 Qb6 13.Nc4 Qb4 14.Qd2 Nxe4 15.Nxe4 Rxe4
16.Qxb4 cxb4 17.Bxb4 Bxb2 18.Ra2 Ne5 19.Nxb2 Rxb4 20.O-O Bf5 21.f4 Nd7 22.Nc4 Nf6
23.Rd1 Rd8 24.Na5 Rxd5 25.Rxd5 Nxd5 26.Bf3 Nxf4 27.Nxb7 Nd3 28.h3 Be6 29.Ra3 Ne5
30.Nc5 Nxf3+ 31.Rxf3 Bc8 32.Rd3 Be6 33.Rd6 Bc4 34.Nxa6 Rxa4 35.Nc5 Ra7 36.g4 Ra2
37.Rd4 Rc2 38.Nd7 Be6 39.Nf6+ Kg7 40.Ne4 Rc4 41.Rxc4 Bxc4 42.g5 h6 43.h4 hxg5
44.hxg5 Kf8 45.Kf2 Ke7 46.Ke3 Ke6 47.Kf4 Bd5 48.Nf6  1/2-1/2

[Event "44th TCh-GRE 2016"]
[Site "Achaea GRE"]
[Date "2016.07.08"]
[Round "5.10"]
[White "Liapi Zenebisi,Irini"]
[Black "Kouvatsou,M"]
[Result "0-1"]
[WhiteElo "1804"]
[BlackElo "2078"]

1.d4 Nf6 2.c4 e6 3.Nf3 c5 4.d5 exd5 5.cxd5 d6 6.Nc3 g6 7.e4 Bg7 8.Bb5+ Bd7
9.Bd3 O-O 10.O-O Na6 11.Nd2 Ng4 12.Nc4 Qf6 13.h3 Ne5 14.Nxe5 Qxe5 15.Qe2 f5
16.f4 Qf6 17.Kh1 Rae8 18.Qf2 c4 19.Bxc4 fxe4 20.Bxa6 bxa6 21.Re1 Bf5 22.g4 Bc8
23.Nxe4 Qf7 24.Qd2 Bb7 25.Kg1 Qxd5  0-1